000 01006nam a2200277 a 4500
001 BRCA_4882
005 20190320204838.0
008 141010c1979----it-ao#####---#000-0#eng-#
041 _aeng
044 _ait
050 4 _aPG7297
_b.T74 1979
245 1 0 _aTrentino Alto Adige
_cby Sandro Gattei ... [et al.] ; texts translated by Rudolph Carpanini, Richard J., Richard McKeon Sadleir.
260 _aItalia
_bElecta
_c1979
300 _a490 p.
_bil. (algunas a color), 463 láminas
_c31 cm.
440 0 _aBanca Nacionale del Laboro
_912367
500 _aIncluye índice de ilustraciones y referencias fotográficas
500 _aColección Sonia Corcuera de Mancera
504 _aBibliografía : p. 477-481
651 4 _aTrentino Alto Adige
_vCatálogos
_xArte pintura y religión
_zItalia
_912368
700 1 _aCarpanini, Rudolph
_eTraductor
_912369
700 1 _aJ., Richard
_912370
700 1 _aMcKeon, SadleirRichard
_912371
700 1 _aGattei, Sandro
_912372
902 _aDSC
942 _2lcc
_cB
999 _c4576
_d4576